Sovetskaja literatura
| Format: | Serial |
|---|---|
| Language: | Russian |
| PhysicalDescription: | zv. cm |
| Published: |
Moskva
Kutuzovskij prospekt
|
MARC
| LEADER | 00000cas a2200000 a 4500 | ||
|---|---|---|---|
| 001 | vtls001354570 | ||
| 003 | SK-MaSNL | ||
| 005 | 20260221113008.0 | ||
| 008 | 990205duuuuuuuuru x 0 0 0rus c | ||
| 035 | |a SNK000308013 | ||
| 040 | |a SNK |b slo |c SNK |e AACR2 | ||
| 041 | 0 | |a rus | |
| 044 | |a ru |c RU | ||
| 245 | 0 | 0 | |a Sovetskaja literatura |
| 260 | |a Moskva |b Kutuzovskij prospekt | ||
| 300 | |a zv. |c cm | ||
| 910 | |a snk | ||
| 999 | |c 1476 |d 3406 | ||
| 952 | |0 0 |1 1 |4 0 |7 0 |a SNK |b SNK |d 1999-02-05 |l 0 |o snkČB 5099/1991/1 |p 17A0180625 |r 2005-01-02 00:00:00 |w 2026-02-21 |y PREZ | ||


